The Construction of Buildings Vol 5 (Record no. 401)
[ view plain ]
| 000 -LEADER | |
|---|---|
| fixed length control field | 00356nam a2200157Ia 4500 |
| 003 - CONTROL NUMBER IDENTIFIER | |
| control field | OSt |
| 005 - DATE AND TIME OF LATEST TRANSACTION | |
| control field | 20200311045429.0 |
| 008 - FIXED-LENGTH DATA ELEMENTS--GENERAL INFORMATION | |
| fixed length control field | 200302s9999 xx 000 0 und d |
| 020 ## - INTERNATIONAL STANDARD BOOK NUMBER | |
| International Standard Book Number | 9788176710053 |
| 100 ## - MAIN ENTRY--PERSONAL NAME | |
| Personal name | R. Barry |
| 245 ## - TITLE STATEMENT | |
| Title | The Construction of Buildings Vol 5 |
| 260 ## - PUBLICATION, DISTRIBUTION, ETC. (IMPRINT) | |
| Name of publisher, distributor, etc | Granada Publishing |
| 260 ## - PUBLICATION, DISTRIBUTION, ETC. (IMPRINT) | |
| Date of publication, distribution, etc | 1980 |
| 300 ## - PHYSICAL DESCRIPTION | |
| Extent | 108 P., |
| 942 ## - ADDED ENTRY ELEMENTS (KOHA) | |
| Source of classification or shelving scheme | |
| Withdrawn status | Lost status | Damaged status | Koha normalized classification for sorting | Not for loan | Permanent location | Current location | Date acquired | Cost, normal purchase price | Full call number | Barcode | Date last seen | Price effective from | Koha item type | Source of classification or shelving scheme |
|---|---|---|---|---|---|---|---|---|---|---|---|---|---|---|
| 690_000000000000000 | BMS College of Architecture, Design and Planning | BMS College of Architecture, Design and Planning | 2020-03-03 | 501.01 | 690 | CL-UG21302 | 2020-03-03 | 2020-03-03 | UG Books from CL | |||||
| 690_000000000000000_BAR | BMS College of Architecture, Design and Planning | BMS College of Architecture, Design and Planning | 2020-03-11 | 690 BAR | AR-BB27 | 2020-03-11 | 2020-03-11 | Book Bank | ||||||
| 690_000000000000000_BAR | BMS College of Architecture, Design and Planning | BMS College of Architecture, Design and Planning | 2020-03-11 | 690 BAR | AR-BB28 | 2020-03-11 | 2020-03-11 | Book Bank | ||||||
| 690_000000000000000_BAR | BMS College of Architecture, Design and Planning | BMS College of Architecture, Design and Planning | 2020-03-11 | 690 BAR | AR-BB29 | 2020-03-11 | 2020-03-11 | Book Bank | ||||||
| 690_000000000000000_BAR | BMS College of Architecture, Design and Planning | BMS College of Architecture, Design and Planning | 2020-03-11 | 690 BAR | AR-BB30 | 2020-03-11 | 2020-03-11 | Book Bank |